Programming For Electrical Engineers (Record no. 6831)

MARC details
005 - DATE AND TIME OF LATEST TRANSACTION
control field 20260314102811.0
020 ## - INTERNATIONAL STANDARD BOOK NUMBER
International Standard Book Number 9780128215029
100 ## - MAIN ENTRY--PERSONAL NAME
Author name SQUIRE,J
245 ## - TITLE STATEMENT
Title Programming For Electrical Engineers
260 ## - PUBLICATION, DISTRIBUTION, ETC.
Place of publication, distribution, etc. London
Name of publisher, distributor, etc. ACADEMIC PRESS
Date of publication, distribution, etc. 2022
300 ## - PHYSICAL DESCRIPTION
Extent xv,266p;graph,tables
Other physical details Index
Dimensions 27.5
700 ## - ADDED ENTRY--PERSONAL NAME
Other authors/Editors BROWN,J
942 ## - ADDED ENTRY ELEMENTS (KOHA)
Source of classification or shelving scheme Dewey Decimal Classification
Koha item type Books
Holdings
Date last seen Total checkouts Full call number Barcode Cost, replacement price Price effective from Koha item type Lost status Source of classification or shelving scheme Damaged status Not for loan Withdrawn status Home library Current library Shelving location Date acquired Source of acquisition Cost, normal purchase price Date last checked out
03/14/2026   150 SQU MBY0001127 159600.00 03/14/2026 Books   Dewey Decimal Classification       CBE MBEYA CBE MBEYA Special Reserve Collection 02/23/2026 DONATION 53200.00  
04/14/2026 1 150 SQU MBY0001128 159600.00 03/14/2026 Books   Dewey Decimal Classification       CBE MBEYA CBE MBEYA General Collection 02/23/2026 DONATION 53200.00 04/14/2026